<?xml version="1.0" encoding="UTF-8"?>
<marc:record xmlns:marc="http://www.loc.gov/MARC21/slim">
   <marc:leader>00000nam a2200000 a 4500</marc:leader>
   <marc:datafield ind1="1" ind2=" " tag="100">
      <marc:subfield code="a">Arlt, Stefanie</marc:subfield>
      <marc:subfield code="4">aut</marc:subfield>
      <marc:subfield code="e">Verfasser/-in</marc:subfield>
   </marc:datafield>
   <marc:datafield ind1=" " ind2=" " tag="653">
      <marc:subfield code="a">Abnehmen</marc:subfield>
   </marc:datafield>
   <marc:datafield ind1=" " ind2=" " tag="653">
      <marc:subfield code="a">Kochbuch</marc:subfield>
   </marc:datafield>
   <marc:datafield ind1=" " ind2=" " tag="653">
      <marc:subfield code="a">Säure</marc:subfield>
   </marc:datafield>
   <marc:datafield ind1=" " ind2=" " tag="653">
      <marc:subfield code="a">Ernährung</marc:subfield>
   </marc:datafield>
   <marc:datafield ind1=" " ind2=" " tag="653">
      <marc:subfield code="a">Basenfasten</marc:subfield>
   </marc:datafield>
   <marc:datafield ind1="0" ind2="0" tag="245">
      <marc:subfield code="a">111 Basen-Rezepte für Genießer</marc:subfield>
   </marc:datafield>
   <marc:datafield ind1="0" ind2="0" tag="245">
      <marc:subfield code="b">mit Basenfasten überschüssige Säuren abbauen, Vitalität steigern, das Abnehmen unterstützen</marc:subfield>
   </marc:datafield>
   <marc:datafield ind1="0" ind2="0" tag="245">
      <marc:subfield code="c">Stefanie Arlt</marc:subfield>
   </marc:datafield>
   <marc:datafield ind1=" " ind2="1" tag="264">
      <marc:subfield code="a">Hannover</marc:subfield>
      <marc:subfield code="b">Humboldt</marc:subfield>
      <marc:subfield code="c">2020</marc:subfield>
   </marc:datafield>
   <marc:datafield ind1="1" ind2=" " tag="520">
      <marc:subfield code="a">Die Ernährungsexpertin Stefanie Arlt weiß aus eigener Erfahrung: Eine basische Ernährung trägt wesentlich zum Wohlbefinden bei und lässt ganz nebenbei die ungeliebten Pfunde purzeln. In ihrem Buch erklärt sie, welche Rolle der Säure-Basen-Haushalt spielt, warum unsere "normale" Ernährung zu viele Säurebildner enthält und wie eine basische Ernährung sich positiv auf unsere Gesundheit auswirkt. Mit ihren 111 Rezepten räumt sie mit dem Vorurteil auf, basische Ernährung sei kompliziert oder langweilig. Neben Basisrezepten wie Mandelmilch oder Knoblauchöl finden ihre Leser leckere Salate und Suppen, Frühstücks- und Hauptgerichte oder Dressings und Getränke. Mit dabei: Apfelstrudel-Smoothie, Tomaten-Mango-Salat, Basische Fastenbrühe, Scharfe Zwiebelsuppe, Zucchini-Kartoffel-Puffer oder Mousse-au-chocolat.</marc:subfield>
   </marc:datafield>
   <marc:datafield ind1=" " ind2=" " tag="020">
      <marc:subfield code="a">9783842629134</marc:subfield>
      <marc:subfield code="9">9783842629134</marc:subfield>
   </marc:datafield>
   <marc:datafield ind1=" " ind2=" " tag="020">
      <marc:subfield code="a">3842629133</marc:subfield>
      <marc:subfield code="9">3842629133</marc:subfield>
   </marc:datafield>
   <marc:datafield ind1=" " ind2=" " tag="300">
      <marc:subfield code="a">180 S. : Ill.</marc:subfield>
   </marc:datafield>
</marc:record>
